00379nam a2200145Ia 4500008004100000020001800041041000800059082001500067100003400082245002600116250000600142260005200148300000800200650002500208210716s2007 xx 000 0 und d a9788131508077 aeng a658.8 EVAJ aEvans, Joel R; Berman, Barry. aMarketing management. a1 aNew DelhibCengage Learning India Pvt Ltdc2007 a625 aMarketing Management